000 00466nam a22001577a 4500
005 20240422134502.0
008 240422b |||||||| |||| 00| 0 eng d
041 _aEnglish
082 _a349 LAW
100 _lEnglish
245 _aThe Law Reports : Queen's Bench Division
260 _aLondon :
_bWilliam Clowes and Sons Ltd,
_c1892
300 _bxvi ; 948 pages,
_c25 cm.
650 _aLegal practice
_bLaw
942 _cBK
_6ALISON_BN_VRIES
999 _c1549
_d1549